Pokrytie prípojných bodov v LSM Medusa

Enregistré dans:
Détails bibliographiques
Auteur principal: Pecková, Stanislava (Auteur)
Autres auteurs: Jókay, Matúš (Directeur de thèse)
Format: Manuscrit Livre
Langue:slovaque
Publié: 2025
Sujets:
Accès en ligne:http://is.stuba.sk/zp/portal_zp.pl?podrobnosti=184416
Tags: Ajouter un tag
Pas de tags, Soyez le premier à ajouter un tag!

MARC

LEADER 00000ntm a22000003a 4500
001 stuzp104193
003 SK-STU
005 20250614212732.7
007 ta
008 150427s2015----xo-----f-mn---000-0-slo-d
040 |a STU  |b slo 
041 0 |a slo 
100 1 |a Pecková, Stanislava  |u 035000  |k Z8  |4 aut  |U FEI Fakulta elektrotechniky a informatiky  |T FEI Ústav informatiky a matematiky  |X 111412  |U E050  |Y 816  |7 111412 
242 0 1 |a Mount hooks in LSM Medusa  |y eng 
245 1 0 |a Pokrytie prípojných bodov v LSM Medusa 
260 |c 2025 
650 4 |a Linux  |2 eng 
650 4 |a Medusa  |2 eng 
650 4 |a Linux security modules  |2 eng 
650 4 |a bezpečnostné moduly Linuxu  |2 slo 
650 4 |a Medusa  |2 slo 
650 4 |a Linux  |2 slo 
700 1 |a Jókay, Matúš  |u 035000  |k Z1  |4 ths  |U FEI Fakulta elektrotechniky a informatiky  |T FEI Ústav informatiky a matematiky  |X 10139  |U E050  |Y 816  |7 A000010139 
856 4 |u http://is.stuba.sk/zp/portal_zp.pl?podrobnosti=184416